000 00210nam a22000977a 4500
999 _c16260
_d16260
003 OSt
008 200626b ||||| |||| 00| 0 eng d
100 _aSharma
_94656
245 _aReserve Bank of India
942 _cBK